000
00298nam a22001337a 4500
008
170802b xxu||||| |||| 00| 0 eng d
020
_a
0060467762
041
_a
eng
080
_a
004
100
_a
32
101
_a
SHKI
245
_a
APPLIED GENERAL SYSTEMS THEORY
_c
GIGCH, J.P
942
_2
udc
_c
BK
999
_c
22563
_d
22563